000 003370000a22001090004500
090 _aAS
_bSeriadas
245 1 0 _aNotas para una monografía de Potos flavus (<Mammalia: Carnivora>) en Colombia
041 0 _aEspañol
100 1 _aHernández Camacho, Jorge Ignacio
_93657
942 _cARTICULO
773 1 _tCaldasia
_345
_h55
_q147-181
_d1977
_g11
999 _c14624
_d14624